Thuốc lạ mẹo hay 100 món ăn - vị thuốc đặc trị bệnh ban - trái ở trẻ em

Spremljeno u:
Bibliografski detalji
Glavni autor: Lý, Thị Ngọc Anh
Format: Knjiga
Jezik:Undetermined
Izdano: Tp. Hồ Chí Minh Thanh Niên 2005
Teme:
Oznake: Dodaj oznaku
Bez oznaka, Budi prvi tko označuje ovaj zapis!
Thư viện lưu trữ: Trung tâm Học liệu Trường Đại học Cần Thơ
LEADER 00618nam a2200205Ia 4500
001 CTU_87522
008 210402s9999 xx 000 0 und d
020 |c 16000 
082 |a 613.432 
082 |b A107 
100 |a Lý, Thị Ngọc Anh 
245 0 |a Thuốc lạ mẹo hay 100 món ăn - vị thuốc đặc trị bệnh ban - trái ở trẻ em 
245 0 |c Lý Thị Ngọc Anh 
260 |a Tp. Hồ Chí Minh 
260 |b Thanh Niên 
260 |c 2005 
650 |a Children 
650 |x Nutrition 
904 |i Tuyến 
980 |a Trung tâm Học liệu Trường Đại học Cần Thơ